| 000 | 00509nam a2200157 i 4500 | ||
|---|---|---|---|
| 001 | 142761 | ||
| 003 | ES-MaACL | ||
| 005 | 20230906200621.0 | ||
| 007 | t| | ||
| 008 | 071009s1968 sp ||||1| spa d | ||
| 100 | 1 |
_aVicens Carrió, Jaime. _9114317 |
|
| 245 | 1 | 0 |
_aLexicón comercial internacional _b: español-francés-inglés-italiano-portugués-alemán / _cJaime Vicens Carrió. |
| 260 |
_aBarcelona : _bReverté, _c[1968] |
||
| 300 |
_aXLVIII, 398 p. ; _c25 cm. |
||
| 852 |
_aES-MaACL _jC-34530 _bR.67076 |
||
| 999 |
_c142761 _d142761 |
||